000 01031nam a22003377a 4500
003 CHAP
005 20220329133249.0
008 971013s1990 r 00010 d
010 _a4085
011 _a5057
035 _a4263
040 _cCHAP
090 _aFolleto 13312
100 0 0 _aStout, Thomas T.
_9109930
245 _aCase studies in southeast Ohio cow-calf operations
260 _a[Wooster] :
_bOhio Agricultural Research and Development Center,
_c1990
300 _a18 p.
_b; gráfs
490 _aResearch bulletin
_v; 1186
500 _aD52-166
590 _aBATCH-UPD
_b10
_c20130109
_lUCH01
_h2337
590 _aBATCH-UPD
_b10
_c20130110
_lUCH01
_h1646
590 _aCONVERSION
_b10
_c20130109
_lUCH01
_h1303
650 1 4 _aBecerros.
_911171
650 1 4 _aGanado vacuno
_xE.U.A.
_945457
700 0 _aForster, D. Lynn.
_942625
700 0 _aFowler, Kevin F.
_942788
830 0 _aResearch bulletin
_v; 1186
_996062
901 _aBK
942 _cFOLL
949 _aFolleto 13312
_bBC
_cFOLL
_d-13797
_eTS1
_i4263
_mD
_si
999 _c4085
_d4085